Sacramento Kings 2025-2026 Roster - Statistics

General Stats
  • This quiz has been taken 20 times
    15 since last reset
  • The average score is 8 of 16
Answer Stats
Jersey # Pos Answer % Correct
10 G-F DeMar DeRozan
89%
11 F-C Domantas Sabonis
89%
8 G Zach LaVine
89%
42 C Maxime Raynaud
78%
18 G Russell Westbrook
78%
5 G Nique Clifford
67%
13 F Keegan Murray
56%
9 F Precious Achiuwa
56%
22 G Devin Carter
44%
32 C Dylan Cardwell
44%
15 F-G De'Andre Hunter
33%
7 F Doug McDermott
33%
19 F-C Drew Eubanks
33%
0 G Malik Monk
33%
29 G-F Daeqwon Plowden
11%
24 G Isaiah Stevens
11%
No matching quizzes found
Score Distribution
Percent of People with Each Score
Percentile by Number Answered
Your Score History
You have not taken this quiz since the last reset